Normal view
MARC view
- Qur'an
Entry Topical Term
001 - CONTROL NUMBER
- control field: 1813
003 - CONTROL NUMBER IDENTIFIER
- control field: OSt
005 - DATE AND TIME OF LATEST TRANSACTION
- control field: 20170505143550.0
008 - FIXED-LENGTH DATA ELEMENTS
- fixed length control field: 170505|| aca||aabn | a|a d
040 ## - CATALOGING SOURCE
- Original cataloging agency: OSt
- Transcribing agency: OSt
150 ## - HEADING--TOPICAL TERM
- Topical term or geographic name entry element: Qur'an
- General subdivision: Translating
670 ## - SOURCE DATA FOUND
- Source citation: Work cat.: (OSt): Ahmad Sonhadji Mohamad 1922- 1812, Tafsir surah Yasin, 1988

PORTAL AKMAL
E-MEL JKDM
AKMAL2U
G-BAM
u-PUSTAKA